ORACLE JDEVELOPER 10G. Руководство по разработке Интернет-приложений J2EE с помощью Oracle JDeveloper и Oracle ADF: пер. с англ.

Bibliografische gegevens
Hoofdauteur: Колетцки П. Питер
Andere auteurs: Миллс Д. Дункан
Samenvatting:Oracle JDeveloper 10g, эксклюзивное руководство от Oracle Press, которое вы держите в руках, позволит перенести свой опыт разработки в среде Oracle в среду разработки web-приложений на базе платформы Java. Данная книга, созданная экспертами Oracle, шаг за шагом демонстрирует процесс создания Интернет-приложений на платформе Java. В ней рассматриваются наиболее эффективные способы использования Oracle JDeveloper 10g, построения надежных web-страниц и пользовательского интерфейса, организации доступа к базам данных и реализации важных элементов системы безопасности. Чтобы облегчить переход к Java-технологиям, в книге дан сравнительный анализ концепций PL/SQL и Oracle Forms и программных технологий Oracle JDeveloper, JSF и ADR
Taal:Russisch
Gepubliceerd in: Москва, Лори, 2014
Onderwerpen:
Formaat: Boek
KOHA link:https://koha.lib.tpu.ru/cgi-bin/koha/opac-detail.pl?biblionumber=244459

MARC

LEADER 00000nam0a2200000 4500
001 244459
005 20231101232042.0
010 |a 9785855823073 
035 |a (RuTPU)RU\TPU\book\265843 
090 |a 244459 
100 |a 20131023d2014 km y0rusy50 ca 
101 1 |a rus  |c eng 
102 |a RU 
105 |a a z 001zy 
200 1 |a ORACLE JDEVELOPER 10G. Руководство по разработке Интернет-приложений J2EE с помощью Oracle JDeveloper и Oracle ADF  |e пер. с англ.  |f П. Колетцки, Д. Миллс 
210 |a Москва  |c Лори  |d 2014 
215 |a 574 с.  |c ил. 
330 |a Oracle JDeveloper 10g, эксклюзивное руководство от Oracle Press, которое вы держите в руках, позволит перенести свой опыт разработки в среде Oracle в среду разработки web-приложений на базе платформы Java. Данная книга, созданная экспертами Oracle, шаг за шагом демонстрирует процесс создания Интернет-приложений на платформе Java. В ней рассматриваются наиболее эффективные способы использования Oracle JDeveloper 10g, построения надежных web-страниц и пользовательского интерфейса, организации доступа к базам данных и реализации важных элементов системы безопасности. Чтобы облегчить переход к Java-технологиям, в книге дан сравнительный анализ концепций PL/SQL и Oracle Forms и программных технологий Oracle JDeveloper, JSF и ADR 
606 1 |a Интернет-приложения  |2 stltpush  |3 (RuTPU)RU\TPU\subj\71498  |9 85383 
610 1 |a веб-приложения 
610 1 |a разработка 
610 1 |a среда разработки 
610 1 |a Oracle 
610 1 |a пошаговые инструкции 
610 1 |a использование 
610 1 |a эффективные способы 
675 |a 004.728.8  |v 4 
700 1 |a Колетцки  |b П.  |g Питер 
701 1 |a Миллс  |b Д.  |g Дункан 
801 1 |a RU  |b 63413507  |c 20131023 
801 2 |a RU  |b 63413507  |c 20150630  |g RCR 
942 |c BK 
959 |a 137/20131023  |d 2  |e 1045,00  |f ЧЗТЛ:1  |f АНЛ:1